| 000 -LEADER |
| fixed length control field |
00778nam a2200205Ia 4500 |
| 001 - CONTROL NUMBER |
| control field |
3323 |
| 003 - CONTROL NUMBER IDENTIFIER |
| control field |
GE_BSU |
| 008 - FIXED-LENGTH DATA ELEMENTS--GENERAL INFORMATION |
| fixed length control field |
181216s||||||||xx |||||||||||||| ||und|| |
| 040 ## - CATALOGING SOURCE |
| Transcribing agency |
GE_BSU |
| 080 ## - UNIVERSAL DECIMAL CLASSIFICATION NUMBER |
| Universal Decimal Classification number |
622.323/4 |
| 100 ## - MAIN ENTRY--PERSONAL NAME |
| Personal name |
Скрыпин,С.З. Френкель,Я.И. |
| 245 ## - TITLE STATEMENT |
| Title |
Отопительные и вентиляционные установки в нефтяной и газовой промышленности. |
| 245 ## - TITLE STATEMENT |
| Statement of responsibility, etc. |
Ведущий ред. Л.Н.Воронский. |
| 260 ## - PUBLICATION, DISTRIBUTION, ETC. |
| Place of publication, distribution, etc. |
М. |
| 260 ## - PUBLICATION, DISTRIBUTION, ETC. |
| Name of publisher, distributor, etc. |
Недра. |
| 260 ## - PUBLICATION, DISTRIBUTION, ETC. |
| Date of publication, distribution, etc. |
1968. |
| 300 ## - PHYSICAL DESCRIPTION |
| Extent |
184 стр. с илл. 20 см. |
| 653 ## - INDEX TERM--UNCONTROLLED |
| Uncontrolled term |
Отопительные и вентиляционные установки в нефтяной и газовой промышленности. |
| 942 ## - ADDED ENTRY ELEMENTS (KOHA) |
| Koha item type |
წიგნი |